Curso de derecho de minería

Gespeichert in:
Bibliographische Detailangaben
1. Verfasser: Lira Ovalle, Samuel (autor)
Format: Buch
Sprache:Spanisch
Veröffentlicht: Santiago Jurídica de Chile 1992
Schlagworte:
Tags: Tag hinzufügen
Keine Tags, Fügen Sie den ersten Tag hinzu!

MARC

LEADER 00000nam a2200000 a 4500
001 UCV2269
003 CL-VaPUC
008 920408e19920000CL |||||||||||||||||spa|d
082 0 4 |a 343.83077  |b LIR  |2 21 
100 |a Lira Ovalle, Samuel  |e autor  |9 586857 
245 1 0 |a Curso de derecho de minería 
300 |a 373 p 
942 |c BK 
945 |d 19920408 00:00:00 
260 |a Santiago  |b Jurídica de Chile  |c 1992 
650 0 |a Derecho minero  |9 257109 
583 |a last modification  |c 19920408 00:00:00  |k Rodrigo Vera 
999 |c 209911  |d 209909 
952 |0 0  |1 0  |4 0  |6 343_830770000000000_LIR_1992  |7 0  |8 A  |9 185799  |a BIBDER  |b BIBDER  |d 2019-11-14  |i 2532263  |o 343.83077 LIR 1992  |p 2532263  |r 2023-01-25  |w 2019-11-14  |y BK  |k DER